000 00330nam a2200133Ia 4500
005 20260328104245.0
008 260328s9999||||xx |||||||||||||| ||und||
100 _aCortázar, Pedro Felipe
245 0 _aDocumental del Peru /
_cPedro Felipe Cortázar
260 _bIoppe S.A.
300 _a176 p.
650 _aPERÚ
942 _cBK
999 _c10038
_d10038